Guess the 1980's Artists - Statistics

General Stats
  • This quiz has been taken 912 times
  • The average score is 54 of 100
Answer Stats
Hint Answer % Correct
Beat It (1982) Michael Jackson
99%
Another One Bites The Dust (1980) Queen
96%
Livin' On a Prayer (1986) Bon Jovi
95%
Careless Whisper (1984) George Michael
95%
Purple Rain (1984) Prince & the Revolution
95%
Sweet Child O' Mine (1987) Guns N' Roses
94%
Material Girl (1984) Madonna
93%
Every Breath You Take (1983) The Police
93%
Africa (1982) TOTO
93%
Take On Me (1985) a-ha
90%
Born In The U.S.A. (1984) Bruce Springsteen
89%
Back in Black (1980) AC/DC
87%
Don't Stop Belevin' (1981) Journey
87%
I Wanna Dance With Somebody (1987) Whitney Houston
85%
Never Gonna Give You Up (1987) Rick Astley
84%
In The Air Tonight (1981) Phil Collins
81%
Everybody Wants To Rule The World (1985) Tears For Fears
81%
We Didn't Start The Fire (1989) Billy Joel
80%
Summer of '69 (1984) Bryan Adams
80%
9 to 5 (1980) Dolly Parton
78%
Running Up That Hill (A Deal With God) (1985) Kate Bush
78%
Master of Puppets (1986) Metallica
77%
Sunday Bloody Sunday (1983) U2
76%
Call Me (1980) Blondie
74%
Time After Time (1983) Cyndi Lauper
74%
I Love Rock 'N' Roll (1981) Joan Jett & the Blackhearts
72%
Pour Some Sugar On Me (1987) Def Leppard
71%
Should I Stay Or Should I Go (1982) The Clash
70%
White Wedding (1982) Billy Idol
69%
Money for Nothing (1985) Dire Straits
69%
Karma Chameleon (1983) Culture Club
67%
Physical (1981) Olivia Newton-John
67%
Love Shack (1989) The B-52's
67%
Down Under (1981) Men at Work
66%
Fast Car (1988) Tracy Chapman
66%
Free Fallin' (1989) Tom Petty
65%
Dude Looks Like a Lady (1987) Aerosmith
64%
Fight For Your Right (1986) Beastie Boys
62%
Rio (1982) Duran Duran
61%
Crazy Train (1980) Ozzy Osbourne
61%
Smooth Operator (1984) Sade
61%
Straight Outta Compton (1988) N.W.A.
59%
Come On Eileen (1982) Dexys Midnight Runners
58%
I Want To Know What Love Is (1984) Foreigner
57%
You Can Call Me Al (1986) Paul Simon
57%
Sledgehammer (1986) Peter Gabriel
57%
It's The End of the World As We Know It (1987) R.E.M.
57%
Little Lies (1987) Fleetwood Mac
56%
Every Rose Has Its Thorn (1988) Poison
56%
Manic Monday (1985) The Bangles
55%
Panama (1984) Van Halen
54%
Here I Go Again (1987) Whitesnake
54%
Sharp Dressed Man (1983) ZZ Top
54%
Jack and Diane (1982) John Mellencamp
51%
Rock You Like a Hurricane (1984) Scorpions
51%
Hip to Be Square (1986) Huey Lewis & the News
50%
We're Not Gonna Take It (1984) Twisted Sister
50%
Hit Me With Your Best Shot (1980) Pat Benatar
47%
Video Killed The Radio Star (1980) The Buggles
47%
Whip It (1980) DEVO
46%
Need You Tonight (1987) INXS
46%
Burning Down The House (1983) Talking Heads
46%
Margaritaville (1985) Jimmy Buffett
45%
Don't You Want Me (1981) The Human League
45%
Hallelujah (1984) Leonard Cohen
43%
Keep on Loving You (1980) REO Speedwagon
43%
Tom Sawyer (1981) Rush
43%
Poison (1989) Alice Cooper
42%
Wicked Game (1988) Chris Isaak
42%
You Make My Dreams (Come True) (1980) Hall & Oates
42%
Kickstart My Heart (1989) Motley Crue
42%
Straight Up (1988) Paula Abdul
40%
It's Tricky (1986) Run-D.M.C.
40%
I Ran (1982) A Flock of Seagulls
39%
There Is a Light That Never Goes Out (1986) The Smiths
38%
Love Will Tear Us Apart (1980) Joy Division
37%
My Prerogative (1988) Bobby Brown
36%
The Trooper (1983) Iron Maiden
36%
Centerfold (1981) The J. Geils Band
36%
On The Road Again (1980) Willie Nelson
36%
Just Can't Get Enough (1981) Depeche Mode
35%
The Living Years (1988) Mike + The Mechanics
30%
Kyrie (1985) Mr. Mister
29%
Valerie (1982) Steve Winwood
26%
Close To Me (1985) The Cure
26%
A Town Called Malice (1982) The Jam
25%
Working For The Weekend (1981) Loverboy
24%
Avalon (1982) Roxy Music
23%
It's My Life (1984) Talk Talk
23%
Hold On Loosely (1980) .38 Special
18%
Holiday in Cambodia (1987) Dead Kennedys
17%
Amarillo By Morning (1982) George Strait
14%
Rebel Without a Pause (1988) Public Enemy
11%
Teen Age Riot (1988) Sonic Youth
11%
Swordfishtrombone (1983) Tom Waits
9%
Song of the South (1980) Alabama
8%
Paid In Full (1987) Eric B. & Rakim
8%
The King of Rock 'N' Roll (1988) Prefab Sprout
8%
Spellbound (1981) Siouxsie & the Banshees
8%
Alone Again (1984) Dokken
3%
No matching quizzes found
Score Distribution
Percent of People with Each Score
Percentile by Number Answered
Your Score History
You have not taken this quiz